Maxillofacial Imaging

Maxillofacial imaging has evolved dramatically over the past two decades with development of new cross-sectional imaging techniques. Traditional maxillofacial imaging was based on plain films and dental imaging. However, today’s advanced imaging techniques with CT and MRI have only been partially im...

Πλήρης περιγραφή

Λεπτομέρειες βιβλιογραφικής εγγραφής
Κύριοι συγγραφείς: Larheim, T.A (Συγγραφέας), Westesson, P.-L (Συγγραφέας)
Συγγραφή απο Οργανισμό/Αρχή: SpringerLink (Online service)
Μορφή: Ηλεκτρονική πηγή Ηλ. βιβλίο
Γλώσσα:English
Έκδοση: Berlin, Heidelberg : Springer Berlin Heidelberg, 2006.
Θέματα:
Διαθέσιμο Online:Full Text via HEAL-Link
LEADER 02960nam a22005295i 4500
001 978-3-540-29829-8
003 DE-He213
005 20151204141332.0
007 cr nn 008mamaa
008 100301s2006 gw | s |||| 0|eng d
020 |a 9783540298298  |9 978-3-540-29829-8 
024 7 |a 10.1007/3-540-29829-0  |2 doi 
040 |d GrThAP 
050 4 |a R895-920 
072 7 |a MMPH  |2 bicssc 
072 7 |a MED019000  |2 bisacsh 
082 0 4 |a 616.0757  |2 23 
100 1 |a Larheim, T.A.  |e author. 
245 1 0 |a Maxillofacial Imaging  |h [electronic resource] /  |c by T.A. Larheim, P.-L. Westesson. 
264 1 |a Berlin, Heidelberg :  |b Springer Berlin Heidelberg,  |c 2006. 
300 |a XVI, 440 p. 1450 illus., 87 illus. in color.  |b online resource. 
336 |a text  |b txt  |2 rdacontent 
337 |a computer  |b c  |2 rdamedia 
338 |a online resource  |b cr  |2 rdacarrier 
347 |a text file  |b PDF  |2 rda 
505 0 |a Maxillofacial Imaging Anatomy -- Jaw Cysts -- Benign Jaw Tumors and Tumor-like Conditions -- Malignant Tumors in the Jaws -- Jaw Infections -- Temporomandibular Joint -- Dentoalveolar Structures and Implants -- Facial Traumas and Fractures -- Facial Growth Disturbances -- Paranasal Sinuses -- Maxillofacial Soft Tissues -- Salivary Glands -- Adjacent Structures; Cervical Spine, Neck, Skull Base and Orbit -- Interventional Maxillofacial Radiology. 
520 |a Maxillofacial imaging has evolved dramatically over the past two decades with development of new cross-sectional imaging techniques. Traditional maxillofacial imaging was based on plain films and dental imaging. However, today’s advanced imaging techniques with CT and MRI have only been partially implemented for maxillofacial questions. This book bridges the gap between traditional maxillofacial imaging and advanced medical imaging. We have applied CT and MRI to a variety of maxillofacial cases and these are illustrated with high-quality images and multiple planes. A comprehensive chapter on imaging anatomy is also included. This book is useful for oral and maxillofacial radiologists, oral and maxillofacial surgeons, dentists, radiologists, plastic surgeons, head and neck surgeons, and others that work with severe maxillofacial disorders. 
650 0 |a Medicine. 
650 0 |a Radiology. 
650 0 |a Neuroradiology. 
650 0 |a Oncology. 
650 0 |a Otorhinolaryngology. 
650 0 |a Oral surgery. 
650 0 |a Maxillofacial surgery. 
650 1 4 |a Medicine & Public Health. 
650 2 4 |a Diagnostic Radiology. 
650 2 4 |a Neuroradiology. 
650 2 4 |a Oral and Maxillofacial Surgery. 
650 2 4 |a Otorhinolaryngology. 
650 2 4 |a Oncology. 
700 1 |a Westesson, P.-L.  |e author. 
710 2 |a SpringerLink (Online service) 
773 0 |t Springer eBooks 
776 0 8 |i Printed edition:  |z 9783540254232 
856 4 0 |u http://dx.doi.org/10.1007/3-540-29829-0  |z Full Text via HEAL-Link 
912 |a ZDB-2-SME 
950 |a Medicine (Springer-11650)